000 00749nam a2200253 i 4500
001 187569
003 ES-MaACL
005 20250809063543.0
008 171129s2006 sp |||| | spa d
020 _a84-96094-88-X
080 _a133.9
100 1 _aGuénon, René,
_d1886-1951
_960441
245 1 3 _aEl error espiritista /
_cRené Guénon ; [traducción, Pedro Rodea].
250 _a1ª ed.
260 _aMadrid :
_bSanz y Torres,
_c2006.
300 _a385 p. ;
_c21 cm.
490 1 _aIgnitus
650 0 4 _aEspiritismo.
_912502
700 1 _aRodea, Pedro.
_9163858
830 0 _aIgnitus
_9192800
852 _aES-MaACL
_jA-14088
_9194655
_bR.151473
_cDEPO1
_dOlim: N-7088
942 _2udc
_cMONOGRAFIA
999 _c187569
_d187569